000 00874cam a2200301 i 4500
001 768714001
003 CO-MdFUSB
005 20230615101158.0
007 ta
008 171123t1991 -us||||| |||| 00| | spa d
020 _a1560630892
040 _aCO-MdFUSB
_bspa
_cCO-MdFUSB
_dCO-MdFUSBC
_erda
041 0 _aspa
082 0 4 _223
_aG 226.5
_bP154c
100 1 _aPalau, Luis (1934-)
_eautor
245 0 _aEvangelio según San Juan
_c/ Luis Palau
264 1 _aMiami, FL., USA :
_bUnilit,
_c[1991]
264 4 _c©1991
300 _aVol I
_c; 21 cm
336 _2rdacontent
_atexto
_btxt
337 _2rdamedia
_asin mediación
_bn
338 _2rdacarrier
_avolumen
_bnc
505 _aTomo I : Caps. 1-10. 260 Pag. Tomo II : Caps. 11-21. 247 Pag
563 _aRustico
630 0 7 _aBiblia.
_pJuan
_xCrítica, interpretación, etc.
942 _cBK
945 _aMag1104
999 _c35122
_d35122